La pícara Justina
I tiakina i:
| Kaituhi matua: | |
|---|---|
| Hōputu: | Pukapuka |
| Reo: | Pāniora |
| I whakaputaina: |
Barcelona
Zeus
1968
|
| Rangatū: | Podium. Obras significativas
|
| Ngā marau: | |
| Ngā Tūtohu: |
Tāpirihia he Tūtohu
Kāore He Tūtohu, Me noho koe te mea tuatahi ki te tūtohu i tēnei pūkete!
|
MARC
| LEADER | 00000nam a2200000 a 4500 | ||
|---|---|---|---|
| 001 | UCQ6097 | ||
| 003 | CL-VaPUC | ||
| 008 | 981009e19680000SP |||||||||||||||||spa|d | ||
| 082 | 0 | 4 | |a 863 |b LOP |2 21 |
| 100 | |a López de Ubeda, Francisco |e autor |9 515072 | ||
| 245 | 1 | 3 | |a La pícara Justina |
| 300 | |a 332 p | ||
| 942 | |c BK | ||
| 945 | |d 19981009 00:00:00 |a lriquelm | ||
| 260 | |a Barcelona |b Zeus |c 1968 | ||
| 650 | 0 | |a Literatura española |9 306261 | |
| 650 | 0 | |a Novelas españolas |9 265052 | |
| 650 | 0 | |a Novelas picarescas |9 420043 | |
| 583 | |a last modification |c 19981009 00:00:00 |k Rodrigo Vera | ||
| 490 | 0 | |a Podium. Obras significativas | |
| 999 | |c 276100 |d 276098 | ||
| 952 | |0 0 |1 0 |4 0 |6 863_000000000000000_LOP_1968 |7 0 |8 A |9 313230 |a BIBEDU |b BIBEDU |d 2019-11-20 |i 1478990 |o 863 LOP 1968 |p 1478990 |r 2019-11-20 |w 2019-11-20 |y BK |k LIT | ||